000 00376nam a22001577a 4500
003 MPLRDC
005 20220104143120.0
008 210129b ||||| |||| 00| 0 eng d
082 _a307.9 YX
100 _a翁项编译
245 _a科学新知集锦
_c
260 _a
_b文化图书公司
_c1967
300 _b
650 _a通俗科学知识
942 _cBK
_o307.9 YX
999 _c36773
_d36763